Giant prawn farming

Wedi'i Gadw mewn:
Manylion Llyfryddiaeth
Fformat: Llyfr
Iaith:Undetermined
Cyhoeddwyd: Amsterdam Elsevier Scientific Publishing Company 1982
Pynciau:
Tagiau: Ychwanegu Tag
Dim Tagiau, Byddwch y cyntaf i dagio'r cofnod hwn!
Thư viện lưu trữ: Trung tâm Học liệu Trường Đại học Cần Thơ
LEADER 00496nam a2200169Ia 4500
001 CTU_150687
008 210402s9999 xx 000 0 und d
082 |a 639.63 
082 |b G433 
245 0 |a Giant prawn farming 
245 0 |c Edited by Michael B. New 
260 |a Amsterdam 
260 |b Elsevier Scientific Publishing Company 
260 |c 1982 
650 |a Aquaculture,Nuôi trồng thủy sản 
904 |i Trọng Hải 
980 |a Trung tâm Học liệu Trường Đại học Cần Thơ